MDQL
is popping MORE tags! Check the
thread
!
Quizzes
Events
Quiz Creation
Community
Videos
Private Events
Remove Ads
Sign In
Join for FREE
Feedback
Dark Mode
Quiz Categories
Sports
Geography
Music
Movies
Television
Just For Fun
Miscellaneous
History
Literature
Language
Science
Gaming
Entertainment
Religion
Holiday
For Kids
Quiz Lab
Recent
Popular Today
Quiz Kudos Today
Editor Picks
Curator Picks
Quizzes by...
Day
Popularity
Type
Ratings
Length
Year
Community
Subscriptions
Recent Discussions
Orange Saloon
Badges
Playlists
Quests
Create
Leaderboards
Showdown
Live 5
Trivia Bingo
Activity
Puzzle Library
Sporcle Events
Private Events
Virtual Trivia
Globe League
Become a Host
Pub Owners
SporcleCon
Opinionation
Our Games
Videos
Blog
Mobile Apps
Partnerships
Remove Ads and Go Orange
Feedback
Literature
Harry Potter
A Song of Ice and Fire
The Hunger Games
Literary Character
Shakespeare
Book
Author
Novel
Poem
Young Adult
Children's Books
Play
Lord of the Rings
Literature
Harry Potter
A Song of Ice and Fire
The Hunger Games
Literary Character
Shakespeare
Book
Author
Novel
Poem
Young Adult
Children's Books
Play
Lord of the Rings
Random Quiz
Search Sporcle
×
Quiz Lab
Quiz Lab
Literature
Shakespeare
Type in answers that appear in a list
Type in answers that appear in a list
Classic
Best Score? Go Orange.
All the words in a Hamlet soliloquy Stats
Can you name the All the words in a Hamlet soliloquy ?
By
megster137
15m
260 Questions
135 Plays
135 Plays
135 Plays
Comments
Comments
Give Quiz Kudos
Give Quiz Kudos
-
- Ratings
hide this ad
More Info
Replay
Link that replays current quiz
Next Quiz
Link to next quiz in quiz playlist
You Got
0%
They Got
Avg Score
59%
Avg Friend Score
Upgrade to see
Score Distribution
Jump to the score distribution portion of the page
Score
0/260
Timer
15:00
0
Plays Today
% Correct
to
99.3%
to
99.3%
to
99.3%
to
99.3%
to
99.3%
to
99.3%
to
99.3%
to
99.3%
to
99.3%
to
99.3%
the
85.9%
the
85.9%
the
85.9%
the
85.9%
the
85.9%
that
85.2%
that
85.2%
that
85.2%
That
85.2%
that
85.2%
that
85.2%
that
85.2%
not
84.4%
not
84.4%
not
84.4%
not
84.4%
not
84.4%
not
84.4%
no
83.7%
in
83%
in
83%
an
80.7%
Or
80%
me
80%
me
80%
or
80%
would
79.3%
would
79.3%
would
79.3%
O
78.5%
this
78.5%
O
78.5%
this
78.5%
it
78.5%
it
78.5%
this!
78.5%
so
78.5%
so
78.5%
this,
78.5%
so
78.5%
it
78.5%
O
78.5%
O
78.5%
It
78.5%
it
78.5%
too
77.8%
too
77.8%
and
77.8%
and
77.8%
and
77.8%
he
77.8%
too
77.8%
and
77.8%
and
77.8%
my
75.6%
my
75.6%
my
75.6%
my
75.6%
my
75.6%
my
75.6%
my
75.6%
is
74.1%
is
74.1%
flesh
73.3%
melt
73.3%
father
71.9%
her
71.1%
her
71.1%
solid
69.6%
into
69.6%
of
68.1%
of
68.1%
she
68.1%
of
68.1%
she
68.1%
she,
68.1%
she-
68.1%
% Correct
of
68.1%
of
68.1%
she
68.1%
itself
67.4%
dew!
67.4%
mother
67.4%
his
66.7%
But
66.7%
but
66.7%
but
66.7%
on
65.2%
on:
65.2%
How
64.4%
resolve
63.7%
come
63.7%
come
63.7%
all
62.2%
should
62.2%
all
62.2%
uncle,
62.2%
for
62.2%
what
60.7%
thaw
60%
had
60%
had
60%
had
60%
a
59.3%
a
59.3%
a
59.3%
a
59.3%
A
59.3%
A
59.3%
a
59.3%
with
58.5%
with
58.5%
with
58.5%
Must
57%
him,
57%
month-
57%
month,
57%
like
57%
like
57%
month:
57%
must
57%
'gainst
56.3%
two
56.3%
two:
56.3%
king;
56.3%
as
56.3%
self
55.6%
'tis
55.6%
more
55.6%
much,
54.8%
if
54.8%
father's
54.8%
father's
54.8%
brother,
54.8%
months
54.1%
thy
54.1%
God!
53.3%
God!
53.3%
dead:
53.3%
God!
53.3%
than
53.3%
canon
52.6%
slaughter!
52.6%
I
52.6%
I
52.6%
I
52.6%
was,
51.9%
have
51.9%
married
51.9%
married.
51.9%
heart;
51.9%
were
51.1%
seem
50.4%
world!
50.4%
heaven
50.4%
Heaven
50.4%
everlasting
49.6%
Fie
49.6%
fie!
49.6%
nay,
49.6%
might
49.6%
satyr;
48.9%
face
48.9%
stale,
48.1%
% Correct
Why,
48.1%
name
48.1%
woman!
48.1%
why
48.1%
fix'd
47.4%
hyperion
47.4%
Hercules:
47.4%
good:
47.4%
flat
46.7%
winds
46.7%
by
46.7%
think
46.7%
garden,
45.9%
tears:
45.9%
tears
45.9%
hold
45.9%
tongue.
45.9%
weary,
45.2%
unprofitable,
45.2%
roughly.
45.2%
nor
45.2%
on't!
44.4%
yet,
44.4%
frailty,
44.4%
shoes
44.4%
yet
44.4%
such
44.4%
unweeded
43.7%
things
43.7%
on't-
43.7%
Niobe,
43.7%
loving
43%
earth!
43%
let
43%
sheets!
43%
break
43%
incestuous
42.2%
grows
41.5%
rank
41.5%
nature
41.5%
hang
41.5%
even
41.5%
cannot
41.5%
seed;
40.7%
those
40.7%
most
40.7%
most
40.7%
beteem
40%
visit
39.3%
body,
39.3%
beast
39.3%
gross
38.5%
within
38.5%
which
38.5%
within
38.5%
uses
37.8%
little
37.8%
longer-
37.8%
remember?
37%
morn'd
37%
possess
36.3%
reason,
36.3%
merely.
35.6%
eyes,
35.6%
Ah
34.8%
poor
34.8%
appetite
34.1%
discourse
34.1%
wicked
34.1%
increase
33.3%
ere
33.3%
follow'd
33.3%
ere
33.3%
speed,
33.3%
old
32.6%
wants
32.6%
post
32.6%
dexterity
32.6%
fed
31.9%
salt
30.4%
grown
28.1%
galled
24.4%
unrighteous
23%
left
22.2%
flushing
19.3%
exellent
14.1%
Quiz Playlist
Details
Report
Send in Message
Add To Playlist
More Info:
Can you name all the words in a mystery Hamlet soliloquy?
Classic:
Type in answers that appear in a list
Last Updated: Feb 16, 2017
Quiz Scoreboard
CHALLENGE
Sign Up to Join the Scoreboard
Show All
Scores
Hide
Comments
May contain spoilers
Recently Published
Colored Red Africa Blitz
by spor1
Geography
30s
Find the 'City' Movie
by crazypaving
Movies
60s
5x2 Blitz: Bands
by SL_Kpop136
Music
30s
More to Explore
Quiz From the Vault
Featured Blog Post
14 Easter Pick-up Lines to Find Eggs With
hide this ad
You Might Also Like...
Tags
Shakespeare Quiz
Hamlet
Hamlet Quotations
Soliloquy
Today's Top Quizzes in Literature
Browse Literature
hide this ad
Today's Top Quizzes in Shakespeare
Browse Shakespeare
Top Contributed Quizzes in Literature
1
Sneaky Slytherin Logic Puzzle
2
Logic Puzzle: Avoid Dumbledore's Army
3
Mini Trivia Sudoku: A Song of Ice and Fire
4
Get The Picture: Black or White Literature
5
The Hunger Games Logic Puzzle: Find Katniss
6
One Thing in Common: Literature II
7
Harry Potter Logic Puzzle - Bill & Fleur's wedding
8
Harry Potter Video Game Releases
9
Silmarillion Characters by Any 3 Letters
10
Harry Potter Clickable Logic Puzzle #4
Explore More
Trending Topics
Harry Potter
Disney
NBA
Marvel
Kpop
Anime
Crossword
NFL
Pokémon
Country
WWE
Puzzle
The Office
Soccer
Song
hide this ad
More By:
megster137
Quiz
Plays
Rating
Category
Featured
Created
Sherlock's long deduction- the hound of baskerville(1)
1,037
4.33
Television
Jul 26, 2012
Sherlock- A Scandal in Belgravia trivia
899
3.40
Television
Jul 25, 2012
Sherlock's Henry Knight deduction
706
5.00
Television
Jul 26, 2012
Sherlock's long deduction- the hound of baskerville(2)
564
4.25
Television
Jul 26, 2012
Sherlock hound of Baskerville trivia
258
3.00
Television
Jul 28, 2012
Go to Creator's Profile
Score Distribution
Quiz Creator Spotlight
megster137
Follow
Send a Message
Quizzes Created
-
Created Quiz Play Count
-
More By This Creator
Popular Quizzes Today
1
Colored Red Africa Blitz
2
Find the 'City' Movie
3
5x2 Blitz: Bands
4
Find the US States - No Outlines Minefield
5
The Countries of the World
6
Find the US States
7
US States
8
Find the Countries of Europe - No Outlines Minefield
More Literature Quizzes
Anyone But Bartemius Crouch Jr.
Quiz Lab
Trending Quizzes
Colored Red Europe Blitz I
Colored Red Europe Blitz II
Colored Red Africa Blitz II
Colored Red Europe Blitz III
Colored Red Africa Blitz III
Recently Updated
How Do You Spell That?
pecheneg
Godzilla Movies
pecheneg
Grab Bag: 4-10 Letters
pecheneg
2024 March Madness Bracket
pecheneg
Famous TV Couples
Peacemaker
Champions League XIs: Real Madrid
pecheneg
Largest US Cities 1790-2010
pecheneg
Rides in Walt Disney World
pecheneg
Most Oscar Losses (Acting)
pecheneg
Beyoncé Albums
pecheneg
Trending Topics
Crossword
Marvel
Anime
Disney
Harry Potter
Kpop
NBA
Song
The Office
Puzzle
WWE
Soccer
Country
NFL
Pokémon
Your Account Isn't Verified!
In order to create a playlist on Sporcle, you need to verify the email address you used during registration. Go to your
Sporcle Settings
to finish the process.
Report this User
Report this user for behavior that violates our
Community Guidelines
.
Details:
Send Report
Go to the Sporcle.com Mobile Site →
Comments